Analýza metód na skrývanie chýb spôsobených prenosom videa cez mobilné siete
Saved in:
| Main Author: | |
|---|---|
| Other Authors: | |
| Format: | Manuscript Book |
| Language: | Slovak |
| Published: |
Bratislava :
STU v Bratislave FEI,
2004
|
| Subjects: | |
| Tags: |
No Tags, Be the first to tag this record!
|
MARC
| LEADER | 00000ntm a22000003a 4500 | ||
|---|---|---|---|
| 001 | stu89129 | ||
| 005 | 20251021184900.6 | ||
| 008 | 040720s2004------------------------slo-d | ||
| 040 | |a STU |b slo | ||
| 041 | 0 | |a slo | |
| 100 | 1 | |a Komár, Drahomír |4 aut | |
| 245 | 1 | |a Analýza metód na skrývanie chýb spôsobených prenosom videa cez mobilné siete | |
| 260 | |a Bratislava : |b STU v Bratislave FEI, |c 2004 | ||
| 300 | |a 59 s | ||
| 650 | 7 | |a Telekomunikácie |2 stusub | |
| 700 | 1 | |a Némethová, Olívia |4 ths | |